<?xml version="1.0" encoding="UTF-8"?><?xml-stylesheet type="text/xsl" href="static/style.xsl"?><OAI-PMH xmlns="http://www.openarchives.org/OAI/2.0/" xmlns:xsi="http://www.w3.org/2001/XMLSchema-instance" xsi:schemaLocation="http://www.openarchives.org/OAI/2.0/ http://www.openarchives.org/OAI/2.0/OAI-PMH.xsd"><responseDate>2026-04-13T06:09:38Z</responseDate><request verb="GetRecord" identifier="oai:www.recercat.cat:10256/10737" metadataPrefix="marc">https://recercat.cat/oai/request</request><GetRecord><record><header><identifier>oai:recercat.cat:10256/10737</identifier><datestamp>2024-06-14T09:48:46Z</datestamp><setSpec>com_2072_452955</setSpec><setSpec>com_2072_2054</setSpec><setSpec>col_2072_453065</setSpec></header><metadata><record xmlns="http://www.loc.gov/MARC21/slim" xmlns:dcterms="http://purl.org/dc/terms/" xmlns:xsi="http://www.w3.org/2001/XMLSchema-instance" xmlns:doc="http://www.lyncode.com/xoai" xsi:schemaLocation="http://www.loc.gov/MARC21/slim http://www.loc.gov/standards/marcxml/schema/MARC21slim.xsd">
   <leader>00925njm 22002777a 4500</leader>
   <datafield ind2=" " ind1=" " tag="042">
      <subfield code="a">dc</subfield>
   </datafield>
   <datafield ind2=" " ind1=" " tag="720">
      <subfield code="a">Pineda Oliva, David</subfield>
      <subfield code="e">author</subfield>
   </datafield>
   <datafield ind2=" " ind1=" " tag="260">
      <subfield code="c">2001</subfield>
   </datafield>
   <datafield ind2=" " ind1=" " tag="520">
      <subfield code="a">This paper has several aims. The first one is to raise an objection to Jackson and Pettit's analysis of the notion of programme explanation. The second, to offer an alternative analysis of this notion which is free from that objection. The third point is to distinguish between informative and noninformative functional explanations. And the last one is to show that informative functional explanations can be characterised as programme explanations, in the sense of the notion proposed in this work</subfield>
   </datafield>
   <datafield ind2=" " ind1=" " tag="520">
      <subfield code="a">Este artículo tiene diversos propósitos. Uno de ellos es presentar una objeción al análisis de la noción de explicación programática que ofrecen Jackson y Pettit. Otro es ofrecer un análisis alternativo de dicha noción que no está sujeto a la objeción anterior. Un tercer objetivo es distinguir entre explicaciones funcionales informativas y explicaciones funcionales no informativas. Finalmente, un cuarto objetivo es mostrar que las explicaciones funcionales informativas pueden ser caracterizadas como explicaciones programáticas, en el sentido de esta noción que se propone en este trabajo</subfield>
   </datafield>
   <datafield ind1="8" ind2=" " tag="024">
      <subfield code="a">http://hdl.handle.net/10256/10737</subfield>
   </datafield>
   <datafield tag="653" ind2=" " ind1=" ">
      <subfield code="a">Realisme</subfield>
   </datafield>
   <datafield tag="653" ind2=" " ind1=" ">
      <subfield code="a">Realism</subfield>
   </datafield>
   <datafield tag="653" ind2=" " ind1=" ">
      <subfield code="a">Funcionalisme</subfield>
   </datafield>
   <datafield tag="653" ind2=" " ind1=" ">
      <subfield code="a">Functionalism</subfield>
   </datafield>
   <datafield ind2="0" ind1="0" tag="245">
      <subfield code="a">Explicaciones funcionales y explicaciones programáticas</subfield>
   </datafield>
</record></metadata></record></GetRecord></OAI-PMH>